<?xml version="1.0" encoding="UTF-8"?>
<record
    xmlns:xsi="http://www.w3.org/2001/XMLSchema-instance"
    xsi:schemaLocation="http://www.loc.gov/MARC21/slim http://www.loc.gov/standards/marcxml/schema/MARC21slim.xsd"
    xmlns="http://www.loc.gov/MARC21/slim">

  <leader>00712nam a22001817a 4500</leader>
  <controlfield tag="001">10095</controlfield>
  <controlfield tag="003">FISKH</controlfield>
  <controlfield tag="005">20260408100127.0</controlfield>
  <controlfield tag="008">260408b        cb ||||| |||| 00| 0 eng d</controlfield>
  <datafield tag="040" ind1=" " ind2=" ">
    <subfield code="a">FISKH</subfield>
    <subfield code="b">chi</subfield>
    <subfield code="c">FISKH</subfield>
    <subfield code="d">FISKH</subfield>
  </datafield>
  <datafield tag="082" ind1=" " ind2=" ">
    <subfield code="a">567</subfield>
  </datafield>
  <datafield tag="100" ind1=" " ind2=" ">
    <subfield code="a">&#x771F;&#x934B; &#x771F;</subfield>
  </datafield>
  <datafield tag="245" ind1=" " ind2=" ">
    <subfield code="a"> &#x300C;&#x6050;&#x7ADC;&#x306E;&#x305B;&#x304B;&#x3044;&#x300D;/</subfield>
    <subfield code="c">&#x771F;&#x934B; &#x771F;</subfield>
  </datafield>
  <datafield tag="300" ind1=" " ind2=" ">
    <subfield code="a">14 unnumbered pages : </subfield>
    <subfield code="b">color illustrtions ; </subfield>
    <subfield code="c">18 cm . </subfield>
  </datafield>
  <datafield tag="520" ind1=" " ind2=" ">
    <subfield code="a">&#x300A;&#x6050;&#x9F99;&#x7684;&#x4E16;&#x754C;&#x300B;&#x7531;&#x771F;&#x934B;&#x771F;&#x4E3B;&#x7F16;&#xFF0C;&#x662F;&#x4E00;&#x672C;&#x6050;&#x9F99;&#x79D1;&#x666E;&#x4E66;&#x3002;&#x5185;&#x5BB9;&#x4ECB;&#x7ECD;&#x4E86;&#x6050;&#x9F99;&#x7684;&#x8D77;&#x6E90;&#x3001;&#x6F14;&#x5316;&#x3001;&#x751F;&#x6D3B;&#x4E60;&#x6027;&#x53CA;&#x706D;&#x7EDD;&#x539F;&#x56E0;&#xFF0C;&#x5E76;&#x7ED3;&#x5408;&#x5316;&#x77F3;&#x7814;&#x7A76;&#x8BB2;&#x89E3;&#x79D1;&#x5B66;&#x53D1;&#x73B0;&#x3002;&#x4E66;&#x4E2D;&#x56FE;&#x6587;&#x4E30;&#x5BCC;&#xFF0C;&#x9002;&#x5408;&#x9752;&#x5C11;&#x5E74;&#x548C;&#x5BF9;&#x53E4;&#x751F;&#x7269;&#x611F;&#x5174;&#x8DA3;&#x7684;&#x8BFB;&#x8005;&#x3002;</subfield>
  </datafield>
  <datafield tag="942" ind1=" " ind2=" ">
    <subfield code="2">ddc</subfield>
    <subfield code="c">BOOK</subfield>
    <subfield code="n">0</subfield>
  </datafield>
  <datafield tag="999" ind1=" " ind2=" ">
    <subfield code="c">10095</subfield>
    <subfield code="d">10095</subfield>
  </datafield>
  <datafield tag="952" ind1=" " ind2=" ">
    <subfield code="0">0</subfield>
    <subfield code="1">0</subfield>
    <subfield code="2">ddc</subfield>
    <subfield code="4">0</subfield>
    <subfield code="7">0</subfield>
    <subfield code="8">REF</subfield>
    <subfield code="a">002</subfield>
    <subfield code="b">002</subfield>
    <subfield code="c">LSHTTP</subfield>
    <subfield code="d">2026-04-08</subfield>
    <subfield code="l">0</subfield>
    <subfield code="o">&#x771F;&#x934B; &#x771F; 567</subfield>
    <subfield code="p">2026-0466</subfield>
    <subfield code="r">2026-04-08 10:00:12</subfield>
    <subfield code="w">2026-04-08</subfield>
    <subfield code="y">BOOK</subfield>
  </datafield>
</record>
